Normale Ansicht MARC-Ansicht ISBD

TOP Magazin Brandenburg (Titelsatznr. 370848)

[ MARC ]
MARC-Details
000 -Satzkennung
Kontrollfeld mit fester Länge 00404nam a22001457a 4500
005 - Datum und Zeit der letzten Transaktion
Kontrollfeld 20210928085046.0
008 - Feld mit fester Länge zur physischen Beschreibung - Allgemeine Angaben
Kontrollfeld mit fester Länge 210927b ||||| |||| 00| 0 eng d
040 ## - Katalogisierungsquelle
Übertragungsstelle DE-2950
Bearbeitungsstelle DE-2950
041 ## - Sprachcode
Sprachcode des Textes/der Tonspur oder des separaten Titels ger
245 ## - Titel
Titel TOP Magazin Brandenburg
260 ## - Publikation, Vertrieb usw.
Erscheinungsort, Vertriebsort etc. Berlin:
Name des Verlags, des Vertriebs etc. TMM TOP Brandenburg Marketing und Medien Verwaltungs GmbH
500 ## - Allgemeine Fußnote
Allgemeine Fußnote 2007-2010 unvollständig<br/>
546 ## - Fußnote zur Sprache
Sprache deutsch
942 ## - Zusätzliche Felder (Koha)
Klassifikation oder Aufstellungssystematik Andere/Generische Klassifikation
Koha-Medientyp Zeitschriften

Keine Exemplare verfügbar.